Cheshire, Fifoot and Furmston's law of contract / (Record no. 2109)
[ view plain ]
| 000 -LEADER | |
|---|---|
| fixed length control field | 00748cam a22002292 4500 |
| 001 - CONTROL NUMBER | |
| control field | 0000003415 |
| 005 - DATE AND TIME OF LATEST TRANSACTION | |
| control field | 20151217145734.0 |
| 008 - FIXED-LENGTH DATA ELEMENTS--GENERAL INFORMATION | |
| fixed length control field | 070507s xx 000 0 eng d |
| 020 ## - INTERNATIONAL STANDARD BOOK NUMBER | |
| International Standard Book Number | 0406947171 : |
| Terms of availability | KES 2,500 |
| 040 ## - CATALOGING SOURCE | |
| Original cataloging agency | KABU |
| Transcribing agency | KABU |
| 050 #0 - LIBRARY OF CONGRESS CALL NUMBER | |
| Classification number | KD1554 |
| Item number | .F87 2001 |
| 100 1# - MAIN ENTRY--PERSONAL NAME | |
| Personal name | Furmston, Michael P. |
| -- | 0000153330 |
| 245 10 - TITLE STATEMENT | |
| Title | Cheshire, Fifoot and Furmston's law of contract / |
| Statement of responsibility, etc. | M. P. Furmston; historical introduction, A. W. B. Simpson. |
| 250 ## - EDITION STATEMENT | |
| Edition statement | 14th ed. |
| 260 ## - PUBLICATION, DISTRIBUTION, ETC. (IMPRINT) | |
| Place of publication, distribution, etc. | London : |
| Name of publisher, distributor, etc. | Butterworths, |
| Date of publication, distribution, etc. | c2001. |
| 300 ## - PHYSICAL DESCRIPTION | |
| Extent | ixi, 762 p. ; |
| Dimensions | 25 cm. |
| 650 #0 - SUBJECT ADDED ENTRY--TOPICAL TERM | |
| Topical term or geographic name as entry element | Contracts |
| Geographic subdivision | United Kingdom. |
| -- | 0000153329 |
| 700 1# - ADDED ENTRY--PERSONAL NAME | |
| Personal name | Simpson, A. W. B. |
| -- | 0000153331 |
| 908 ## - PUT COMMAND PARAMETER (RLIN) | |
| Put command parameter | 070507 |
| 950 ## - LOCAL HOLDINGS (RLIN) | |
| -- | 1 |
| Withdrawn status | Lost status | Source of classification or shelving scheme | Not for loan | Home library | Current library | Date acquired | Total Checkouts | Full call number | Date last seen | Price effective from | Koha item type | Barcode | Date last checked out | Total Renewals |
|---|---|---|---|---|---|---|---|---|---|---|---|---|---|---|
| Library of Congress Classification | Kabarak, Main Campus | Kabarak, Main Campus | 17/12/2015 | KD1554 .F87 2001 c. 2 | 17/12/2015 | 17/12/2015 | General Collection | |||||||
| Library of Congress Classification | Kabarak, Main Campus | Kabarak, Main Campus | 17/12/2015 | 19 | KD1554 .F87 2001 c. 5 | 24/11/2025 | 17/12/2015 | General Collection | 006842 | 09/11/2025 | ||||
| Library of Congress Classification | Kabarak, Main Campus | Kabarak, Main Campus | 17/12/2015 | 17 | KD1554 .F87 2001 c. 4 | 30/10/2023 | 17/12/2015 | General Collection | 006841 | 29/10/2023 | ||||
| Library of Congress Classification | Kabarak, Main Campus | Kabarak, Main Campus | 17/12/2015 | 24 | KD1554 .F87 2001 c. 1 | 11/12/2025 | 17/12/2015 | General Collection | 006839 | 14/10/2025 | 2 | |||
| Library of Congress Classification | Kabarak, Main Campus | Kabarak, Main Campus | 17/12/2015 | 16 | KD1554 .F87 2001 c. 3 | 18/03/2023 | 17/12/2015 | General Collection | 006840 | 02/03/2023 | 1 |